| 000 | 01348cac a22003735a 4500 | ||
|---|---|---|---|
| 005 | 20150816141004.0 | ||
| 008 | 090203t1999 maua|||| |||| 001 0 eng d | ||
| 010 | _a98023636 | ||
| 020 | _a0256246246 (alk. paper) | ||
| 020 | _a007228113521 | ||
| 020 | _a9780256246247 | ||
| 022 | _a0072283521 [TextBook] | ||
| 040 |
_aEG-ScBUE _beng _cEG-ScBUE |
||
| 082 | 0 | 4 |
_a332.6 _bHIR _222 |
| 100 | 1 | _aHirt, Geoffrey A. | |
| 245 | 1 | 0 |
_aFundamentals of investment management / _cGeoffrey A. Hirt., Stanley B. Block. |
| 246 | 3 | 0 | _aInvestment management |
| 250 |
_a6th ed. _bText Book. |
||
| 260 |
_aBoston : _bIrwin/McGraw-Hill, _cc.1999. |
||
| 300 |
_axxviii, 708 p.: _bill. ; _c24 cm. + _e1 computer laser optical disc (4 3/4 in.) |
||
| 440 | 4 | _aThe Irwin/McGraw-Hill series in finance, insurance and real estate | |
| 500 | _aIndex : p. 695-708. | ||
| 500 | _aGlossary : p. 673-694. | ||
| 504 | _aIncludes bibliographical references. | ||
| 538 | _aSystem requirements for accompanying computer disc: IBM-compatible PC; Windows 95 or Windows NT 4.0 or later. | ||
| 590 | _aDoha Ragab | ||
| 650 | 0 |
_aInvestments. _2BUEsh |
|
| 650 | 0 |
_aInvestments _zUnited States. _2BUEsh _936780 |
|
| 650 | 0 |
_aInvestment analysis. _2BUEsh |
|
| 651 | _2BUEsh | ||
| 653 |
_bBUSADM _cAugust2015 |
||
| 700 | 1 | _aBlock, Stanley B. | |
| 942 |
_cNB _2ddc |
||
| 999 |
_c8189 _d7314 |
||